000 00324nam a2200145Ia 4500
003 SEM
008 141116s9999 xx 000 0 und d
080 _aԽաչ 531
100 _aՍահյան Համո
245 _aՍեզամ, բացվիր
260 _aԵրևան
260 _c1972
300 _a279
942 _2udc
_cBK
999 _c46596
_d46596